000 00708nam a2200229 i 4500
001 bgj
100 1 _aVAN |NOSTRAM, William
245 1 0 _aThe Nonbroadcast Television Writer's Handbook /
_cby William Van Nostram.
260 _aWhite Plains, NY :
_bKnowledge Industry Publications,
_cc. 1983.
300 _aVIII, 232 pp :
_bill. ;
_c24 cm.
490 1 _aVideo Bookshelf
504 _aBibliography p. 227-228.
505 _aIncludes glossary and index.
650 9 _aTelevision autorship
830 _aVideo Bookshelf
020 _a0914236822 (hbk, jacked)
040 _cBPK
041 0 _aeng
920 _a0-914236-82-2 (hbk, jacked)
942 _cKS
008 s uk f |000 0 eng
999 _c41357
_d41357